000 00950nmm a2200289 a 4500
001 ocm0001864588
003 TR-IsHL
005 20201028171702.0
008 180329s2018 tu tur
007 cr cn
020 _a9786051511023
035 _a1864588
_b(N$T)
050 0 4 _aBF721
_b.A47 2018
090 0 4 _aBF721
_b.A47 2018
100 1 _aAltınköprü, Tuncel
245 1 0 _aÇocuk psikolojisi
_h[electronic resource] /
_cTuncel Altınköprü ; editör Rahime Demir
250 _aYirmibirinci basım
260 _aİstanbul :
_bHayat Yayıncılık,
_c2018
300 _a273 p.
650 4 _aFelsefe, Psikoloji ve Din
650 4 _aPhilosophy, Psychology and Religion
650 0 _aÇocuk gelişimi
650 0 _aÇocuk psikolojisi
650 7 _aPSYCHOLOGY / Developmental / Child
_2bisacsh
700 1 _aDemir, Rahime
856 4 0 _uhttp://search.ebscohost.com/login.aspx?direct=true&scope=site&db=e011xww&AN=1864588
999 _c16826
_d16826